000 00630cam a22002293a 4500
001 12666
003 PGUSA
005 20140828083255.0
008 040601s2004||||xxu|||||s|||||000 1 eng d
040 _aPGUSA
_beng
042 _adc
050 4 _aPQ
100 1 _aSand, George,
_d1804-1876
245 1 0 _aConsuelo, Tome 1 (1861)
_h[electronic resource] /
_cGeorge Sand
260 _bProject Gutenberg,
_c2004
506 _aPublic domain in the USA.
516 _aElectronic text
653 _aVenice (Italy) -- Fiction
830 0 _aProject Gutenberg
_v12666
856 4 0 _uhttp://www.gutenberg.org/ebooks/12666
942 _cEB
999 _c241921
_d241921